Electoral College Results 1789-2016 Quiz Stats

 Plays Quiz not verified by Sporcle

Score 0/116 Timer 10:00
0 Plays Today
year nominee % Correct
1789John Adams
97%
1792John Adams
97%
1796John Adams
97%
1789George Washington
96.7%
1792George Washington
96.7%
1820John Q. Adams
96.7%
1824John Q. Adams
96.7%
1828John Q. Adams
96.7%
1812DeWitt Clinton
96.3%
1904Theodore Roosevelt
96.3%
1912Theodore Roosevelt
96.3%
1796Thomas Jefferson
95.9%
1800Thomas Jefferson
95.9%
1804Thomas Jefferson
95.9%
1932Franklin D. Roosevelt
95.9%
1936Franklin D. Roosevelt
95.9%
1940Franklin D. Roosevelt
95.9%
1944Franklin D. Roosevelt
95.9%
1988George H.W. Bush
95.9%
1992William Jefferson Clinton
95.9%
1992George H.W. Bush
95.9%
1996William Jefferson Clinton
95.9%
2000George W. Bush
95.9%
2004George W. Bush
95.9%
2016Hillary Rodham Clinton
95.9%
1960Richard M. Nixon
95.2%
1968Richard M. Nixon
95.2%
1972Richard M. Nixon
95.2%
1980Ronald Reagan
94.8%
1984Ronald Reagan
94.8%
1860Abraham Lincoln
94.1%
1864Abraham Lincoln
94.1%
1964Lyndon B. Johnson
94.1%
2008Barack Obama
94.1%
2012Barack Obama
94.1%
1952Dwight D. Eisenhower
93.7%
1956Dwight D. Eisenhower
93.7%
1960John F. Kennedy
93.4%
1976James Earl Carter
93.4%
year nominee % Correct
1980James Earl Carter
93.4%
1948Harry S. Truman
93%
1808James Madison
92.6%
1812James Madison
92.6%
1828Andrew Jackson
92.3%
1832Andrew Jackson
92.3%
2016Donald J. Trump
92.3%
1824Andrew Jackson
91.9%
1816James Monroe
91.5%
1820James Monroe
91.5%
2000Albert Gore
91.1%
1912Woodrow Wilson
90.8%
1916Woodrow Wilson
90.8%
1836William H. Harrison
90%
1840William H. Harrison
90%
1868Ulysses S. Grant
90%
1872Ulysses S. Grant
90%
1888Benjamin Harrison
89.7%
1892Benjamin Harrison
89.7%
2008John McCain
89.7%
1976Gerald R. Ford
89.3%
1908William Howard Taft
88.9%
1928Herbert Hoover
88.6%
1932Herbert Hoover
88.6%
1984Walter Mondale
88.6%
2012Mitt Romney
88.6%
2004John Kerry
88.2%
1884Grover Cleveland
87.5%
1892Grover Cleveland
87.5%
1888Grover Cleveland
87.1%
1996Robert Dole
86.7%
1896William McKinley
86.3%
1900William McKinley
86.3%
1924Calvin Coolidge
84.9%
1856James Buchanan
84.1%
1836Martin Van Buren
83%
1840Martin Van Buren
83%
1944Thomas E. Dewey
81.5%
1948Thomas E. Dewey
81.5%
year nominee % Correct
1988Michael Dukakis
81.5%
1876Rutherford B. Hayes
81.2%
1920Warren G. Harding
81.2%
1880James Garfield
80.8%
1852Franklin Pierce
80.4%
1848Zachary Taylor
80.1%
1844James K. Polk
78.6%
1964Barry Goldwater
78.6%
1968Hubert H. Humphrey
78.6%
1972George McGovern
78.6%
1952Adlai E. Stevenson
77.1%
1956Adlai E. Stevenson
77.1%
1800Aaron Burr
69.7%
1928Alfred E. Smith
66.8%
1896William J. Bryan
60.9%
1900William J. Bryan
60.9%
1908William J. Bryan
60.9%
1832Henry Clay
55.4%
1844Henry Clay
55.4%
1936Alfred Landon
52.8%
1876Samuel Tilden
50.2%
1860John Breckinridge
48.7%
1940Wendell L. Willkie
46.9%
1864George McClellan
46.1%
1804Charles Pinckney
39.5%
1808Charles Pinckney
39.5%
1916Charles E. Hughes
39.5%
1920James M. Cox
39.1%
1816Rufus King
38.7%
1856John Fremont
37.3%
1924John W. Davis
35.8%
1884James Blaine
33.9%
1880Winfield Hancock
31.4%
1904Alton B. Parker
31.4%
1852Winfield Scott
30.3%
1868Horatio Seymour
28.4%
1848Lewis Cass
27.7%
1872Thomas Hendricks
15.9%

You're not logged in!

Compare scores with friends on all Sporcle quizzes.
OR
Log In

Sporcle TV

Today on Sporcle TV


Watch our educational content, quiz creation guides, and fun videos on Sporcle TV.

Show Comments

Extras

Top Quizzes Today


Score Distribution

Your Account Isn't Verified!

In order to create a playlist on Sporcle, you need to verify the email address you used during registration. Go to your Sporcle Settings to finish the process.

Report this User

Report this user for behavior that violates our Community Guidelines.

Details: